| 000 | 00379nam a2200145Ia 4500 | ||
|---|---|---|---|
| 008 | 230711s9999||||xx |||||||||||||| ||und|| | ||
| 041 | _aENG | ||
| 082 |
_a540 _bDA-I |
||
| 100 | _aDangwal,Parmesh | ||
| 245 | 0 | _a"I dare!" Kiran Bedi : a biography | |
| 250 | _a1st Ed. | ||
| 260 |
_c1994 _aNew Delhi _bUBS Publishers and Distributors Pvt.Ltd. |
||
| 650 | _aLiterature | ||
| 942 | _cBK | ||
| 999 |
_c3599 _d3599 |
||